000 00909-am-a2200205-a-4500
001 000060811
003 AM-YeHGA
005 20250617162904.0
008 991115s1984 xxu 000 0 rus u
040 _aAM-YeHGA
245 1 0 _aАтлас :
_bСодержание и перенос влаги в атмосфере над территорией СССР /
_cАН СССР. Ин-т водных проблем ; Глав управ. геодезии и картографии при Совмин СССР ; Отв. ред В.Г. Сычева.
260 _aМосква :
_bГУГК СССР ,
_c1984.
300 _a76 с.
650 4 _aМетеорология и климатология
653 1 _aперенос влаги
653 1 _aатмосферная влага
700 1 0 _aСычева, В.Г.
_4edt
710 2 _aИн-т водных проблем АН СССР
090 _c500912
999 _c497517
_d497517